| Поле | Инд. | ПП | Название | Значение |
|---|---|---|---|---|
| Тип записи | a | |||
| Библиографический уровень | b | |||
| 001 | Контрольный номер | UNIDUBNA2ed5f304a71a46a1aedaa043819f19b6 | ||
| 005 | Дата корректировки | 20240416135602.7 | ||
| 008 | Кодируемые данные | 20170331 | ||
| 040 | b | Код языка каталог. | rus | |
| e | Правила каталог. | PSBO | ||
| 041 | 0_ | a | Код языка текста | rus |
| 084 | a | Индекс другой классификации/Индекс ББК | 60.542.15; 60.991.3; 88.42-512 | |
| 100 | 1_ | a | Автор | Вильданова Г. Б. |
| q | Полное имя | Вильданова Гюзель Булатовна | ||
| 100 | 1_ | a | Автор | Мустаев Д. Е. |
| q | Полное имя | Мустаев Денис Евгеньевич | ||
| 245 | 10 | a | Заглавие | Трансформирование представлений о добрачных отношениях у современной молодежи |
| 504 | a | Библиография | Лит. в конце статьи. | |
| 520 | 0_ | a | Аннотация | Развитие добрачных отношений в жизни молодых людей, строящих будущую семью, зависят от многих факторов: нравственных, экономических, ценностных, религиозных... Они не предполагают наличие общих детей, не имеют обязательным условием общность быта... В статье приводятся результаты, основанные на опросах среди студентов вузов. |
| 650 | 14 | a | Основная рубрика | возрастная психология |
| a | Основная рубрика | познавательные процессы | ||
| a | Основная рубрика | психология | ||
| a | Основная рубрика | социальная работа | ||
| a | Основная рубрика | социология | ||
| a | Основная рубрика | социология групп | ||
| 653 | 0_ | a | Ключевые слова | брак |
| a | Ключевые слова | добрачные отношения | ||
| a | Ключевые слова | духовно-нравственные ценности | ||
| a | Ключевые слова | мировоззрение | ||
| a | Ключевые слова | молодая семья | ||
| a | Ключевые слова | молодежь | ||
| a | Ключевые слова | нравственность | ||
| a | Ключевые слова | представления | ||
| a | Ключевые слова | религиозность | ||
| a | Ключевые слова | Россия | ||
| a | Ключевые слова | семья | ||
| a | Ключевые слова | совместное проживание | ||
| a | Ключевые слова | социальное взаимодействие | ||
| a | Ключевые слова | социальное здоровье | ||
| a | Ключевые слова | студенты | ||
| a | Ключевые слова | ценности | ||
| a | Ключевые слова | юношеский возраст | ||
| 773 | 08 | t | Заглавие источника | Отечественный журнал социальной работы |
| d | Дата издания источника | 2022 | ||
| g | Прочая информация | № 1. - С. 42 - 49 | ||
| w | Контрольный № источника | UNIDUBNA45100639bc22430d95033f6c974e242b | ||
| 901 | t | Тип документа | b |